[Event "Puhajarve Rapid op 21st"]
[Site "Puhajarve"]
[Date "2021.11.28"]
[Round "34"]
[White "Krums, Ilmars"]
[Black "Sirosh, Ilja"]
[Result "0-1"]
[WhiteElo "1985"]
[BlackElo "2402"]
[PlyCount "72"]
[EventDate "2021.11.26"]
[EventType "tourn (rapid)"]
[EventRounds "37"]
[EventCountry "EST"]
[SourceTitle "CBM 205 Extra"]
[Source "ChessBase"]
[SourceDate "2022.01.31"]
[SourceVersion "1"]
[SourceVersionDate "2022.01.31"]
[SourceQuality "1"]

1. d4 d5 2. Bf4 Nf6 3. e3 e6 4. Nf3 Bd6 5. Bxd6 Qxd6 6. Nbd2 0-0 7. c4 c5 8. Rc1 cxd4 9. c5 Qe7 10. exd4 Nc6 11. Be2 Bd7 12. 0-0 b6 13. Bb5 bxc5 14. Bxc6 Bxc6 15. Rxc5 Rfc8 16. Qe2 Nd7 17. Rc3 Qd6 18. Rfc1 Bb7 19. Nb3 Rxc3 20. Rxc3 Rc8 21. Qc2 Rxc3 22. Qxc3 f6 23. Nc5 Nxc5 24. dxc5 Qc7 25. Nd4 Bc8 26. Nb5 Qf4 27. Nxa7 Ba6 28. c6 d4 29. Qe1 Kf7 30. b4 d3 31. b5 d2 32. Qd1 Qe4 33. Kf1 Qd3+ 34. Kg1 Qc3 35. Kf1 Qc4+ 36. Kg1 Qc1 0-1

[Event "Puhajarve Rapid op 21st"]
[Site "Puhajarve"]
[Date "2021.11.26"]
[Round "3"]
[White "Krums, Ilmars"]
[Black "Lauk, Ular"]
[Result "0-1"]
[WhiteElo "1985"]
[BlackElo "2369"]
[PlyCount "42"]
[EventDate "2021.11.26"]
[EventType "tourn (rapid)"]
[EventRounds "37"]
[EventCountry "EST"]
[SourceTitle "CBM 205 Extra"]
[Source "ChessBase"]
[SourceDate "2022.01.31"]
[SourceVersion "1"]
[SourceVersionDate "2022.01.31"]
[SourceQuality "1"]

1. d4 Nf6 2. Bf4 d5 3. e3 c5 4. Nc3 a6 5. dxc5 Nc6 6. Nf3 Qa5 7. Bd3 Bg4 8. 0-0 Bxf3 9. Qxf3 e5 10. Nxd5 Nxd5 11. Qxd5 exf4 12. exf4 Be7 13. Rfe1 0-0 14. Qh5 g6 15. Qh3 Qxc5 16. f5 Bf6 17. Re3 Rfe8 18. fxg6 hxg6 19. Rg3 Kg7 20. c3 Ne5 21. Bc2 Rh8 0-1